Hospital Sketches (Record no. 233166)
[ view plain ]
| 000 -LEADER | |
|---|---|
| fixed length control field | 01328cam a22003373a 4500 |
| 001 - CONTROL NUMBER | |
| control field | 3837 |
| 003 - CONTROL NUMBER IDENTIFIER | |
| control field | PGUSA |
| 005 - DATE AND TIME OF LATEST TRANSACTION | |
| control field | 20140828083039.0 |
| 008 - FIXED-LENGTH DATA ELEMENTS--GENERAL INFORMATION | |
| fixed length control field | 030301s2003||||xxu|||||s|||||000 | eng d |
| 040 ## - CATALOGING SOURCE | |
| Original cataloging agency | PGUSA |
| Language of cataloging | eng |
| 042 ## - AUTHENTICATION CODE | |
| Authentication code | dc |
| 050 #4 - LIBRARY OF CONGRESS CALL NUMBER | |
| Classification number | E456 |
| 100 1# - MAIN ENTRY--PERSONAL NAME | |
| Personal name | Alcott, Louisa May, |
| Dates associated with a name | 1832-1888 |
| 245 10 - TITLE STATEMENT | |
| Title | Hospital Sketches |
| Medium | [electronic resource] / |
| Statement of responsibility, etc | Louisa May Alcott |
| 260 ## - PUBLICATION, DISTRIBUTION, ETC. (IMPRINT) | |
| Name of publisher, distributor, etc | Project Gutenberg, |
| Date of publication, distribution, etc | 2003 |
| 506 ## - RESTRICTIONS ON ACCESS NOTE | |
| Terms governing access | Public domain in the USA. |
| 516 ## - TYPE OF COMPUTER FILE OR DATA NOTE | |
| Type of computer file or data note | Electronic text |
| 653 ## - INDEX TERM--UNCONTROLLED | |
| Uncontrolled term | Alcott, Louisa May, 1832-1888 -- Career in nursing |
| 653 ## - INDEX TERM--UNCONTROLLED | |
| Uncontrolled term | Nurses -- United States -- Biography |
| 653 ## - INDEX TERM--UNCONTROLLED | |
| Uncontrolled term | United States -- History -- Civil War, 1861-1865 -- Personal narratives |
| 653 ## - INDEX TERM--UNCONTROLLED | |
| Uncontrolled term | United States -- History -- Civil War, 1861-1865 -- Hospitals |
| 653 ## - INDEX TERM--UNCONTROLLED | |
| Uncontrolled term | United States -- History -- Civil War, 1861-1865 -- Medical care |
| 653 ## - INDEX TERM--UNCONTROLLED | |
| Uncontrolled term | Georgetown (Washington, D.C.) -- History -- 19th century |
| 653 ## - INDEX TERM--UNCONTROLLED | |
| Uncontrolled term | Military nursing -- United States -- History -- 19th century |
| 653 ## - INDEX TERM--UNCONTROLLED | |
| Uncontrolled term | Washington (D.C.) -- History -- 19th century |
| 653 ## - INDEX TERM--UNCONTROLLED | |
| Uncontrolled term | United States -- History -- Civil War, 1861-1865 -- Women |
| 653 ## - INDEX TERM--UNCONTROLLED | |
| Uncontrolled term | Military hospitals -- Washington (D.C.) -- History -- 19th century |
| 830 #0 - SERIES ADDED ENTRY--UNIFORM TITLE | |
| Uniform title | Project Gutenberg |
| Volume number/sequential designation | 3837 |
| 856 40 - ELECTRONIC LOCATION AND ACCESS | |
| Uniform Resource Identifier | <a href="http://www.gutenberg.org/ebooks/3837">http://www.gutenberg.org/ebooks/3837</a> |
| 942 ## - ADDED ENTRY ELEMENTS (KOHA) | |
| Koha item type | eBooks |
| Withdrawn status | Lost status | Damaged status | Home library | Current library | Date acquired | Total Checkouts | Date last seen | Price effective from | Koha item type |
|---|---|---|---|---|---|---|---|---|---|
| Project Gutenberg | Project Gutenberg | 08/28/2014 | 08/28/2014 | 08/28/2014 | eBooks |